| 000 | 01641cad a22002895a 4500 | ||
|---|---|---|---|
| 001 | L159330 | ||
| 008 | 160819s2016 xxk 000 0 eng u | ||
| 020 | _a9781783211678 | ||
| 035 | _a(Sirsi) u159330 | ||
| 041 | 0 | _aeng | |
| 110 | 2 |
_aRoyal Institution of Chartered Surveyors _94900 |
|
| 245 | 0 | 5 |
_aRICS real estate agency and brokerage standards _bRICS practice statement, global _h[electronic resource] |
| 250 | _a3rd ed. | ||
| 260 |
_aLondon _bRICS _c2016 |
||
| 300 | _a25p. | ||
| 490 | 0 | _aRICS Practice Statement | |
| 520 | _aThis professional statement applies to all RICS members involved with the sale, letting, leasing and management of real estate, whatever the form of tenure by which it is held or occupied. It outlines the principles that shape the culture of fairness and transparency that underpin all activities undertaken by real estate agents within whichever country they practice. Effective from 1 September 2016. Supersedes 2 ed ISBN 9781783210749 | ||
| 520 | _aFrom 1 January 2025 this is superseded by Property Agency and Management Principles 1st edition ISBN 9781783215324 | ||
| 590 | _aKA | ||
| 651 | 4 | _aInternational | |
| 690 |
_aProperty management _96262 |
||
| 690 |
_aCommercial property _96227 |
||
| 690 |
_aResidential property _96266 |
||
| 856 | 4 | 1 |
_uhttps://www.rics.org/profession-standards/rics-standards-and-guidance/sector-standards/real-estate-standards/real-estate-agency-and-brokerage _zView the practice statement at www.rics.org |
| 856 | 4 | 1 |
_uhttps://www.isurv.com/downloads/download/1282/real_estate_agency_and_brokerage _zArchived on isurv (subscription required) |
| 942 |
_n0 _2ddc |
||
| 999 |
_c115809 _d115809 |
||